书目信息 |
| 题名: |
中国建筑艺术集萃
|
|
| 作者: | 刘托 著 | |
| 分册: | ||
| 出版信息: | 北京 中国文联出版社 2015.10 |
|
| 页数: | 313页 | |
| 开本: | 24cm | |
| 丛书名: | 中国艺术学文库 | |
| 单 册: | ||
| 中图分类: | TU-862 | |
| 科图分类: | ||
| 主题词: | 建筑艺术--中国--文集 | |
| 电子资源: | ||
| ISBN: | 978-7-5059-9546-8 | |
| 000 | 00985oam2 2200277 450 | |
| 001 | 0120151545554 | |
| 005 | 20170418141440.28 | |
| 010 | @a978-7-5059-9546-8@dCNY62.00 | |
| 100 | @a20151202d2015 em y0chiy50 ea | |
| 101 | 0 | @achi@eeng |
| 102 | @aCN@b110000 | |
| 105 | @aa z 000yy | |
| 106 | @ar | |
| 200 | 1 | @a中国建筑艺术集萃@9zhong guo jian zhu yi shu ji cui@f刘托著 |
| 210 | @a北京@c中国文联出版社@d2015.10 | |
| 215 | @a313页@c图@d24cm | |
| 225 | 2 | @a中国艺术学文库@i博导文丛 |
| 300 | @a文联版 | |
| 330 | @a本书作者长期致力于建筑艺术研究,有关论文影响深广。该书就我国传统建筑艺术从类型学的角度进行了史叙性的爬梳和研究,并选取有代表性的传统建筑和民族建筑进行个案剖析,对于中国传统建筑艺术的传承和发扬有重要的研究意义与价值。 | |
| 333 | @a建筑艺术相关研究人员 | |
| 462 | 0 | @12001 @a博导文丛 |
| 606 | 0 | @a建筑艺术@y中国@j文集 |
| 690 | @aTU-862@v5 | |
| 701 | 0 | @a刘托@9liu tuo@f(1957-)@4著 |
| 801 | 0 | @aCN@b人天书店@c20151202 |
| 905 | @b983953-56@dTU-862@e138@f4 | |
| 中国建筑艺术集萃/刘托著.-北京:中国文联出版社,2015.10 |
| 313页:图;24cm.-(中国艺术学文库.博导文丛) |
| 文联版.-使用对象:建筑艺术相关研究人员 |
| ISBN 978-7-5059-9546-8:CNY62.00 |
| 本书作者长期致力于建筑艺术研究,有关论文影响深广。该书就我国传统建筑艺术从类型学的角度进行了史叙性的爬梳和研究,并选取有代表性的传统建筑和民族建筑进行个案剖析,对于中国传统建筑艺术的传承和发扬有重要的研究意义与价值。 |
| ● |
| 相关链接 |
|
|
|
|
正题名:中国建筑艺术集萃
索取号:TU-862/138
 
预约/预借
| 序号 | 登录号 | 条形码 | 馆藏地/架位号 | 状态 | 备注 |
| 1 | 983953 | 209839530 | 第二样本阅览室/ [索取号:TU-862/138] | 在馆 | |
| 2 | 983954 | 209839549 | 第三借阅区/ [索取号:TU-862/138] | 在馆 | |
| 3 | 983955 | 209839558 | 第三借阅区/ [索取号:TU-862/138] | 在馆 | |
| 4 | 983956 | 209839567 | 第三借阅区/ [索取号:TU-862/138] | 在馆 |